000 00582nam a2200181Ia 4500
008 151202s9999||||xx |||||||||||||| ||und||
082 _bPNVM-41270
100 _aआपटे वा. शि.
245 _aनाट्य व्यवहार.
260 _bश्रीराम बुक एजन्सी पुणे.
260 _c1989
300 _a144
600 _aआपटे वा. शि.
630 _aनाट्य व्यवहार.
700 _aआपटे वा. शि.
730 _aनाट्य व्यवहार.
942 _cBOOK
999 _c1307222
_d1307219